Central Library OPAC University of Rajshahi

Introduction to petrology / (Record no. 67659)

MARC details
000 -LEADER
fixed length control field 00615nam a2200217 a 4500
001 - CONTROL NUMBER
control field 67659
003 - CONTROL NUMBER IDENTIFIER
rucl marc code BD-RjUL
005 - DATE AND TIME OF LATEST TRANSACTION
control field 20211209081659.0
008 - FIXED-LENGTH DATA ELEMENTS--GENERAL INFORMATION
fixed length control field 680301s1968 njua b 001 0 eng
035 ## - SYSTEM CONTROL NUMBER
System control number (BD-RjUL)67868
040 ## - CATALOGING SOURCE
Original cataloging agency DLC
Transcribing agency DLC
Modifying agency DLC
-- BD-RjUL
Language of cataloging eng
041 ## - LANGUAGE CODE
Language code of text/sound track or separate title eng
082 00 - DEWEY DECIMAL CLASSIFICATION NUMBER
Edition number 23
Classification number 552
Author mark and year BAI 1968
100 1# - MAIN ENTRY--PERSONAL NAME
Personal name Bayly, M. Brian
Dates associated with a name 1929-
9 (RLIN) 200595
245 10 - TITLE STATEMENT
Title Introduction to petrology /
Statement of responsibility, etc. Brian Bayly
260 ## - PUBLICATION, DISTRIBUTION, ETC. (IMPRINT)
Place of publication, distribution, etc. Englewood Cliffs, N.J. :
Name of publisher, distributor, etc. Prentice-Hall,
Date of publication, distribution, etc. 1968
300 ## - PHYSICAL DESCRIPTION
Pagination xix, 371 p. :
Illustrations ill. ;
Size 24 cm.
504 ## - BIBLIOGRAPHY, ETC. NOTE
Bibliography, etc Bibliography and index
650 #0 - SUBJECT ADDED ENTRY--TOPICAL TERM
Topical term or geographic name as entry element Petrology.
9 (RLIN) 200596
942 ## - ADDED ENTRY ELEMENTS (KOHA)
Source of classification or shelving scheme Dewey Decimal Classification
Koha item type Books
Holdings
Lost status Source of classification or shelving scheme Damaged status Not for loan Collection code Permanent Location Current Location Shelving location Date acquired Source of acquisition Cost, normal purchase price Total Checkouts Full call number Date last seen Copy number Koha item type
  Dewey Decimal Classification   Not For Loan Non-fiction Central Library, University of Rajshahi Central Library, University of Rajshahi Reading Room 30/04/1973 Ideal Library 92.25   552 BAI 1968 28/03/2017 C-1 Books